El balance social y su auditoría (Registro nro. 9279)
[ vista simple ]
| 000 -LEADER | |
|---|---|
| fixed length control field | 00362 a2200121 4500 |
| 001 - CONTROL NUMBER | |
| control field | ART_8157 |
| 005 - DATE AND TIME OF LATEST TRANSACTION | |
| control field | 20260410161556.0 |
| 008 - FIXED-LENGTH DATA ELEMENTS--GENERAL INFORMATION | |
| fixed length control field | 260409a |
| 100 1# - MAIN ENTRY--PERSONAL NAME | |
| Personal name | Geba, Norma Beatriz |
| 245 10 - TITLE STATEMENT | |
| Title | El balance social y su auditoría |
| 700 1# - ADDED ENTRY--PERSONAL NAME | |
| Personal name | Sebastián, Mónica P. |
| 773 0# - HOST ITEM ENTRY | |
| Title | Profesional & Empresaria |
| Related parts | - Año XII, Nº 124 (ene. 2010) |
| Record control number | REV70 |
No hay ítems disponibles.